书目信息 |
| 题名: |
新编仪器分析
|
|
| 作者: | 高向阳 主编 | |
| 分册: | ||
| 出版信息: | 北京 科学出版社 2007.01 |
|
| 页数: | 328页 | |
| 开本: | 24cm | |
| 丛书名: | ||
| 单 册: | ||
| 中图分类: | O657 | |
| 科图分类: | ||
| 主题词: | 分析(化学) | |
| 电子资源: | ||
| ISBN: | 7-03-012731-5 | |
| 000 | 00605 nam 000229 | |
| 001 | 0100001904 | |
| 005 | 20070901110413.65 | |
| 010 | @a7-03-012731-5@dCNY26.00 | |
| 100 | @a20070806d2007 em y0chiy0121 ea | |
| 101 | @achi | |
| 102 | @aCN@b110000 | |
| 105 | @ay z 000yy | |
| 200 | 10 | @a新编仪器分析@9xin bian yi qi fen xi@f高向阳主编@Fgao xiang yang zhu bian |
| 205 | @a2版 | |
| 210 | @a北京@c科学出版社@d2007.01 | |
| 215 | @a328页@d24cm | |
| 606 | @a分析(化学) | |
| 690 | @aO657@v4 | |
| 701 | 0 | @a高向阳@9gao xiang yang@4主编 |
| 801 | @aCN@c20070901 | |
| 901 | @a000003 | |
| 905 | @dO657@eG190 | |
| 新编仪器分析/高向阳主编.-2版.-北京:科学出版社,2007.01 |
| 328页;24cm |
| ISBN 7-03-012731-5:CNY26.00 |
| ● |
| 相关链接 |
|
|
|
正题名:新编仪器分析
索取号:O657/G190
 
预约/预借
| 序号 | 登录号 | 条形码 | 馆藏地/架位号 | 状态 | 备注 |
| 1 | 644066 | 206440662 | 自科二线504/110考试书库 9排3列4层/ [索取号:O657/G190] | 在馆 | |
| 2 | 644067 | 206440671 | 自科库401/401自科库 95排1列4层/ [索取号:O657/G190] | 在馆 | |
| 3 | 644068 | 206440680 | 自科二线504/504自科库 42排1列4层/ [索取号:O657/G190] | 在馆 |